000 00329nam a22001217a 4500
040 _csr
082 _a658 សុជន​​ 2009
100 _aសរ សុជន
245 _aភាពជាអ្នកដឹកនាំ
260 _aញ៉ូយក
_bសរ សុជន
_c២០០៩
300 _a១២១p.
942 _cKB
999 _c8363
_d8363